Transparency and Authoritarian Rule in Southeast Asia : (Record no. 13543)
[ view plain ]
| 000 -LEADER | |
|---|---|
| fixed length control field | 02031cam a22003614a 4500 |
| 001 - CONTROL NUMBER | |
| control field | 13340504 |
| 005 - DATE AND TIME OF LATEST TRANSACTION | |
| control field | 20171008115347.0 |
| 008 - FIXED-LENGTH DATA ELEMENTS--GENERAL INFORMATION | |
| fixed length control field | 030911s2004 enk |rb 001 0 eng |
| 010 ## - LIBRARY OF CONGRESS CONTROL NUMBER | |
| LC control number | 2003020216 |
| 020 ## - INTERNATIONAL STANDARD BOOK NUMBER | |
| International Standard Book Number | 0415335825 |
| 035 ## - SYSTEM CONTROL NUMBER | |
| System control number | (OCoLC)ocm53038759 |
| 040 ## - CATALOGING SOURCE | |
| Original cataloging agency | DLC |
| Transcribing agency | DLC |
| Modifying agency | YDX |
| -- | OCL |
| -- | BAKER |
| -- | C@R |
| -- | OCLCQ |
| -- | DLC |
| 042 ## - AUTHENTICATION CODE | |
| Authentication code | pcc |
| 043 ## - GEOGRAPHIC AREA CODE | |
| Geographic area code | as----- |
| 050 00 - LIBRARY OF CONGRESS CALL NUMBER | |
| Classification number | JQ750.A91 |
| Item number | R63 2004 |
| 082 00 - DEWEY DECIMAL CLASSIFICATION NUMBER | |
| Classification number | 320.9595 |
| Edition number | 22 |
| Item number | ROD |
| 100 1# - MAIN ENTRY--PERSONAL NAME | |
| Personal name | Rodan, Garry, |
| Dates associated with a name | 1955- |
| 9 (RLIN) | 12042 |
| 245 10 - TITLE STATEMENT | |
| Title | Transparency and Authoritarian Rule in Southeast Asia : |
| Remainder of title | Singapore and Malaysia / |
| Statement of responsibility, etc | Garry Rodan. |
| 260 ## - PUBLICATION, DISTRIBUTION, ETC. (IMPRINT) | |
| Place of publication, distribution, etc | London ; |
| -- | New York : |
| Name of publisher, distributor, etc | RoutledgeCurzon, 2004 |
| Date of publication, distribution, etc | 2004. |
| 300 ## - PHYSICAL DESCRIPTION | |
| Extent | xvii, 261 p. ; |
| Dimensions | 25 cm. |
| 490 1# - Series Statement | |
| Series statement | RoutledgeCurzon/City University of Hong Kong Southeast Asian studies ; |
| Volume/sequential designation | 4 |
| 504 ## - BIBLIOGRAPHY, ETC. NOTE | |
| Bibliography, etc | Includes bibliographical references (p. 210-249) and index. |
| 505 0# - FORMATTED CONTENTS NOTE | |
| Formatted contents note | Information control and authoritarian rule in East and Southeast Asia: under challenge? -- Bedding down media and information control in Singapore and Malaysia -- Bureaucratic authoritarianism and transparency reform in Singapore -- Keeping civil society at bay: media in Singapore after the crisis -- Crony capitalism and transparency reform in Malaysia -- Challenges to media control in Malaysia -- Conclusion: advanced market systems, information flows and political regimes. |
| 650 #0 - SUBJECT ADDED ENTRY--TOPICAL TERM | |
| Topical term or geographic name as entry element | Transparency in government |
| Geographic subdivision | Southeast Asia. |
| 9 (RLIN) | 12043 |
| 651 #0 - SUBJECT ADDED ENTRY--GEOGRAPHIC NAME | |
| Geographic name | Southeast Asia |
| General subdivision | Politics and government |
| Chronological subdivision | 1945- |
| 9 (RLIN) | 12044 |
| 653 ## - INDEX TERM--UNCONTROLLED | |
| Resource For college | |
| Arrived date list | February2013 |
| 651 #0 - SUBJECT ADDED ENTRY--GEOGRAPHIC NAME | |
| 9 (RLIN) | 12045 |
| Geographic name | Southeast Asia |
| General subdivision | Economic policy |
| 830 #0 - SERIES ADDED ENTRY--UNIFORM TITLE | |
| Uniform title | RoutledgeCurzon/City University of Hong Kong South East Asian studies ; |
| Volume number/sequential designation | 4. |
| 9 (RLIN) | 12046 |
| 856 41 - ELECTRONIC LOCATION AND ACCESS | |
| Materials specified | Table of contents only |
| Uniform Resource Identifier | <a href="http://www.loc.gov/catdir/toc/ecip048/2003020216.html">http://www.loc.gov/catdir/toc/ecip048/2003020216.html</a> |
| 856 42 - ELECTRONIC LOCATION AND ACCESS | |
| Materials specified | Publisher description |
| Uniform Resource Identifier | <a href="http://www.loc.gov/catdir/enhancements/fy0701/2003020216-d.html">http://www.loc.gov/catdir/enhancements/fy0701/2003020216-d.html</a> |
| 942 ## - ADDED ENTRY ELEMENTS (KOHA) | |
| Source of classification or shelving scheme | Dewey Decimal Classification |
| Item type | NB - Book (Non borrowing) |
| Withdrawn status | Item status | Source of classification or shelving scheme | Damaged status | Not for loan | Vendor | Home library | Current library | Shelving location | Date acquired | Source of acquisition | Total Checkouts | Full call number | Barcode | Date last seen | Date last borrowed | Koha item type | Total Renewals | Materials specified (bound volume or other part) |
|---|---|---|---|---|---|---|---|---|---|---|---|---|---|---|---|---|---|---|
| Dewey Decimal Classification | Baccah | Central Library | Central Library | First floor | 01/03/2010 | 1 | 320.9595 ROD | 000020022 | 15/07/2025 | 27/10/2013 | NB - Book (Non borrowing) | |||||||
| Dewey Decimal Classification | Baccah | Central Library | Central Library | First floor | 01/03/2010 | 4 | 320.9595 ROD | 000020021 | 15/07/2025 | 01/03/2020 | Book - Borrowing | 14 | ||||||
| Lost | Dewey Decimal Classification | Baccah | Central Library | Central Library | First floor | 07/02/2013 | 1 | 320.9595 ROD | 000028064 | 12/12/2013 | 27/10/2013 | Book - Borrowing | 11 | Lost In Inventory_2015-8-23 | ||||
| Dewey Decimal Classification | Baccah | Central Library | Central Library | First floor | 07/02/2013 | 1 | 320.9595 ROD | 000028065 | 13/11/2025 | 28/11/2015 | Book - Borrowing | 5 |